00485nam a2200145Ia 4500008004100000041000800041082001200049100001800061245004500079260004100124300003200165365001100197999001500208952011600223240624s9999 xx 000 0 und d aeng a158 NEL aNELSON NOELLE aEVERYDAY MIRACLES CREATE MIRACLES OF HAP c2008aMumbaibJaico Publishing House axiii, : 258 : p. : cm. ; 21 cRSb30 c8239d8239 00104070aIMTNbIMTNcRack 1-Bd2008-01-23ePBg295.00o158 NELp8239r2024-06-24 00:00:00t1w2024-06-24yBK